[Event "Edmonton Fall-B"]
[Site "Edmonton"]
[Date "2015.11.08"]
[Round "4"]
[White "Steele, Len"]
[Black "Kadavil, Suresh"]
[Result "1-0"]
[WhiteElo "1646"]
[BlackElo "1557"]
[PlyCount "111"]
[EventDate "2015.11.06"]
[EventType "tourn"]
[EventRounds "5"]
[EventCountry "CAN"]
[SourceTitle "EXT 2019"]
[Source "ChessBase"]
[SourceDate "2018.10.10"]
[SourceVersion "1"]
[SourceVersionDate "2018.10.10"]
[SourceQuality "1"]

1. Nf3 b6 2. d4 e6 3. Bf4 Bb7 4. e3 Nf6 5. h3 Ne4 6. Bd3 Na6 7. Qe2 Nb8 8. Nbd2 Nxd2 9. Qxd2 Nc6 10. c3 Be7 11. Qc2 h6 12. e4 d5 13. exd5 exd5 14. 0-0-0 Bc8 15. Rde1 Be6 16. Bb5 Bd7 17. g4 a6 18. Bd3 Be6 19. Rhg1 g5 20. Be5 Nxe5 21. Nxe5 Qd6 22. Re2 b5 23. Rge1 0-0-0 24. Nxf7 Bxf7 25. Rxe7 Rhf8 26. Bf5+ Kb7 27. R1e5 Rde8 28. Qe2 Rxe7 29. Rxe7 Bg6 30. Re5 Bxf5 31. gxf5 Rf6 32. Qf3 c6 33. a3 a5 34. b4 a4 35. Kd2 Kc7 36. Ke3 Qf8 37. Qg4 Qf7 38. f4 gxf4+ 39. Kxf4 Kd6 40. Qe2 Qd7 41. Qh5 Qf7 42. Qxf7 Rxf7 43. Kg4 Rf6 44. Kh5 Kd7 45. h4 Kd8 46. Kg4 Kd7 47. Kf4 Kd6 48. Re3 Kd7 49. Ke5 Ke7 50. Rg3 Kf7 51. h5 Ke7 52. Rg6 Rxg6 53. fxg6 Ke8 54. Kd6 Kf8 55. Kxc6 Kg7 56. Kxd5 1-0

[Event "Edmonton op 10th"]
[Site "Edmonton"]
[Date "2015.06.28"]
[Round "4"]
[White "Kadavil, Suresh"]
[Black "Sabogal, Edison"]
[Result "0-1"]
[WhiteElo "1532"]
[BlackElo "1905"]
[PlyCount "68"]
[EventDate "2015.06.26"]
[EventType "swiss"]
[EventRounds "5"]
[EventCountry "CAN"]
[SourceTitle "EXT 2017"]
[Source "ChessBase"]
[SourceDate "2016.10.25"]
[SourceVersion "1"]
[SourceVersionDate "2016.10.25"]
[SourceQuality "1"]

1. b3 d5 2. Bb2 c5 3. e3 Nc6 4. Nf3 Bg4 5. h3 Bh5 6. g4 Bg6 7. Bb5 f6 8. d4 e6 9. g5 Be4 10. Rg1 Qa5+ 11. Nc3 Bxf3 12. Qxf3 cxd4 13. exd4 Bb4 14. a4 f5 15. 0-0-0 a6 16. Bxc6+ bxc6 17. Rge1 Kf7 18. Rxe6 Kxe6 19. Re1+ Kd6 20. Qf4+ Kd7 21. Qxf5+ Kc7 22. Qf7+ Kb6 23. Qxg7 Bxc3 24. Re6 Nh6 25. Qxh6 Rac8 26. Kb1 Bxb2 27. Kxb2 Qd2 28. Qf6 Rhf8 29. Qh6 Rxf2 30. Qxh7 Qxd4+ 31. Ka2 Rf1 32. a5+ Kxa5 33. b4+ Kb6 34. c3 Rf2+ 0-1

[Event "Edmonton op qual 10th"]
[Site "Edmonton"]
[Date "2015.05.02"]
[Round "1"]
[White "Kadavil, Suresh"]
[Black "Miller, David"]
[Result "0-1"]
[WhiteElo "1544"]
[BlackElo "2061"]
[PlyCount "64"]
[EventDate "2015.05.02"]
[EventType "swiss"]
[EventRounds "5"]
[EventCountry "CAN"]
[SourceTitle "EXT 2017"]
[Source "ChessBase"]
[SourceDate "2016.10.25"]
[SourceVersion "1"]
[SourceVersionDate "2016.10.25"]
[SourceQuality "1"]

1. b3 d5 2. Bb2 c5 3. e3 Nf6 4. Nf3 e6 5. c4 Nc6 6. cxd5 exd5 7. Bb5 Bd7 8. 0-0 Bd6 9. Na3 Qe7 10. Nc2 Rc8 11. Rc1 0-0 12. d4 a6 13. Bd3 Bg4 14. h3 Bh5 15. Re1 Ne4 16. dxc5 Bxc5 17. Ncd4 Bg6 18. Bb1 Ba7 19. Nxc6 bxc6 20. Nd4 Qd6 21. Qg4 f5 22. Qe2 Bb8 23. f4 c5 24. Nf3 Bh5 25. g4 fxg4 26. hxg4 Bxg4 27. Qg2 Qg6 28. Be5 Bxf3 29. Qxg6 hxg6 30. Kh2 Bxe5 31. fxe5 Rf5 32. Rg1 Rh5# 0-1

[Event "Red Deer op"]
[Site "Red Deer"]
[Date "2014.05.17"]
[Round "1.7"]
[White "Taranik, Alexey"]
[Black "Kadavil, Suresh"]
[Result "1-0"]
[WhiteElo "1617"]
[BlackElo "1536"]
[PlyCount "73"]
[EventDate "2014.05.17"]
[EventType "swiss"]
[EventRounds "5"]
[EventCountry "CAN"]
[SourceTitle "EXT 2022"]
[Source "ChessBase"]
[SourceDate "2021.10.06"]
[SourceVersion "1"]
[SourceVersionDate "2021.10.06"]
[SourceQuality "1"]

1. c4 c6 2. d4 h6 3. Nc3 e6 4. Nf3 d6 5. e4 g6 6. Be3 Bg7 7. Qd2 Ne7 8. g3 Nd7 9. Bg2 g5 10. h4 g4 11. Nh2 h5 12. f3 e5 13. b3 exd4 14. Bxd4 Nf6 15. fxg4 hxg4 16. Qf2 Ng6 17. 0-0 Ne5 18. Rad1 Qe7 19. Ne2 Be6 20. Bb2 c5 21. Nc3 a6 22. Bc1 Nh7 23. Be3 0-0 24. Nd5 Bxd5 25. Rxd5 f5 26. exf5 Rf6 27. Re1 Qf7 28. Rxe5 Kh8 29. Rd5 Rf8 30. Nxg4 Rxf5 31. Rxf5 Qxf5 32. Qxf5 Rxf5 33. Bf4 Nf6 34. Nxf6 Rxf6 35. Re8+ Bf8 36. Bg5 Rf7 37. Bd5 1-0

[Event "Edmonton Northern Alberta op"]
[Site "Edmonton"]
[Date "2014.02.16"]
[Round "5.13"]
[White "Arzumanyan, Armine"]
[Black "Kadavil, Suresh"]
[Result "1-0"]
[WhiteElo "1827"]
[BlackElo "1596"]
[PlyCount "89"]
[EventDate "2014.02.15"]
[EventType "swiss"]
[EventRounds "5"]
[EventCountry "CAN"]
[SourceTitle "EXT 2022"]
[Source "ChessBase"]
[SourceDate "2021.10.06"]
[SourceVersion "1"]
[SourceVersionDate "2021.10.06"]
[SourceQuality "1"]

1. e4 a6 2. Nc3 e6 3. Bc4 b5 4. Bb3 d6 5. a4 b4 6. Nce2 Bb7 7. d3 d5 8. exd5 Bxd5 9. Bxd5 Qxd5 10. Nf3 e5 11. Ng3 g6 12. 0-0 Bg7 13. Re1 Ne7 14. Qd2 Nbc6 15. Qg5 h6 16. Qh4 g5 17. Qh3 Ng6 18. Nh5 Kf8 19. Qf5 Nce7 20. Qe4 Qxe4 21. Rxe4 Nc6 22. Nxg7 Kxg7 23. Rc4 Nge7 24. Bd2 a5 25. Re1 f6 26. d4 Rhd8 27. c3 bxc3 28. Bxc3 g4 29. dxe5 f5 30. e6+ Kf8 31. Nh4 Rd6 32. Rc5 Nd4 33. Bxd4 Rxd4 34. Nxf5 Nxf5 35. Rxf5+ Ke7 36. Rf7+ Kd6 37. Rd7+ Kc5 38. Rc1+ Rc4 39. Rxc7+ Kd6 40. R1xc4 Kxe6 41. R7c6+ Kf5 42. g3 Re8 43. Rf4+ Kg5 44. Rc5+ Kg6 45. Rxg4+ 1-0